00323nam a2200133Ia 4500008004100000020002200041041000800063082001200071100001800083245002000101250001000121260004900131300000900180250602s2025 xx 000 0 und d a978-93-895-8838-5 aeng a327/DAT aDattagupta, R aGlobal Politics a1 Ed. aNiodabPearson India Edu. S. Pvt. Ltd.c2025 a240p